Egmont, (Record no. 125939)
[ view plain ]
| 000 -LEADER | |
|---|---|
| fixed length control field | 00657cam a22002291 4500 |
| 001 - CONTROL NUMBER | |
| control field | 7489501 |
| 003 - CONTROL NUMBER IDENTIFIER | |
| control field | ARRUPE |
| 005 - DATE AND TIME OF LATEST TRANSACTION | |
| control field | 20170111144946.0 |
| 008 - FIXED-LENGTH DATA ELEMENTS--GENERAL INFORMATION | |
| fixed length control field | 750609s1960 nyu 000 0 eng |
| 010 ## - LIBRARY OF CONGRESS CONTROL NUMBER | |
| LC control number | 60014229 |
| 035 ## - SYSTEM CONTROL NUMBER | |
| System control number | (OCoLC)1379781 |
| 040 ## - CATALOGING SOURCE | |
| Original cataloging agency | DLC |
| Transcribing agency | FO |
| Modifying agency | OCoLC |
| -- | DLC |
| 041 1# - LANGUAGE CODE | |
| Language code of text/sound track or separate title | engger |
| 050 00 - LIBRARY OF CONGRESS CALL NUMBER | |
| Classification number | PT1915.E1 |
| 082 ## - DEWEY DECIMAL CLASSIFICATION NUMBER | |
| Classification number | 832.6 |
| 300 ## - PHYSICAL DESCRIPTION | |
| Dimensions | 16cm. |
| 100 1# - MAIN ENTRY--PERSONAL NAME | |
| Personal name | Goethe, Johann Wolfgang von, |
| Dates associated with a name | 1749-1832. |
| 9 (RLIN) | 28222 |
| 245 10 - TITLE STATEMENT | |
| Title | Egmont, |
| Remainder of title | ein trauerspiel |
| Statement of responsibility, etc | by Goethe, Johann Wolfgang von, |
| 260 ## - PUBLICATION, DISTRIBUTION, ETC. (IMPRINT) | |
| Place of publication, distribution, etc | Stuttgart |
| Name of publisher, distributor, etc | Philipp Reclam Jun. |
| Date of publication, distribution, etc | 1961 |
| 300 ## - PHYSICAL DESCRIPTION | |
| Extent | 87p.; |
| 906 ## - LOCAL DATA ELEMENT F, LDF (RLIN) | |
| a | 7 |
| b | cbc |
| c | oclcrpl |
| d | u |
| e | ncip |
| f | 19 |
| g | y-gencatlg |
| 942 ## - ADDED ENTRY ELEMENTS (KOHA) | |
| Source of classification or shelving scheme | Library of Congress Classification |
| Koha item type | Monograph ( Printed materials) |
| Withdrawn status | Lost status | Source of classification or shelving scheme | Damaged status | Not for loan | Collection code | Home library | Current library | Shelving location | Date acquired | Total Checkouts | Full call number | Barcode | Date last seen | Price effective from | Koha item type |
|---|---|---|---|---|---|---|---|---|---|---|---|---|---|---|---|
| Library of Congress Classification | Main Collection | ARRUPE LIBRARY | ARRUPE LIBRARY | Main Collection | 11/01/2017 | PT1915.E1 | 46500022621 | 02/07/2019 | 11/01/2017 | Monograph ( Printed materials) |